<?xml version="1.0" encoding="UTF-8"?>
<marc:record xmlns:marc="http://www.loc.gov/MARC21/slim">
   <marc:leader>00000nam a2200000 a 4500</marc:leader>
   <marc:datafield ind1="1" ind2=" " tag="100">
      <marc:subfield code="a">Johann Philipp &lt;Passau, Bischof&gt;</marc:subfield>
   </marc:datafield>
   <marc:datafield ind1="1" ind2=" " tag="100">
      <marc:subfield code="a">Wilibaldus &lt;Styrensis&gt;</marc:subfield>
   </marc:datafield>
   <marc:datafield ind1="1" ind2=" " tag="100">
      <marc:subfield code="a">Josephus &lt;Brunoviensis&gt;</marc:subfield>
   </marc:datafield>
   <marc:datafield ind1="1" ind2=" " tag="100">
      <marc:subfield code="a">Sanz, Gor.</marc:subfield>
   </marc:datafield>
   <marc:datafield ind1="1" ind2=" " tag="100">
      <marc:subfield code="a">Schickler, Johann Georg</marc:subfield>
   </marc:datafield>
   <marc:datafield ind1=" " ind2="1" tag="264">
      <marc:subfield code="c">1694</marc:subfield>
   </marc:datafield>
   <marc:datafield ind1="1" ind2=" " tag="520">
      <marc:subfield code="a">Frontispiz (Kupferstich) von Gor. Sanz del. und Jo. Georg Schickler Sc. http://zentralbibliothek.kapuziner.at/kupferstiche/provinzbibliothek/IMG_1783_1.jpg, Verzierungen und Zierkupferstiche im Text, brauner Ganzledereinband auf Pappdeckeln, Buchkanten mit Goldverzierung, Buchrücken mit 4 Bünden, rautenförmigen Goldverzierungen, Titelschild "Predige Von Dem Leyd. Chr." und Goldprägung "Th. I." in Goldlettern, roter Blattschnitt, grünes Stoffleseband.</marc:subfield>
   </marc:datafield>
   <marc:datafield ind1=" " ind2=" " tag="041">
      <marc:subfield code="a">ger</marc:subfield>
   </marc:datafield>
   <marc:datafield ind1=" " ind2=" " tag="500">
      <marc:subfield code="a">Titelbl. in Rot- und Schwarzdr.</marc:subfield>
   </marc:datafield>
   <marc:datafield ind1="0" ind2=" " tag="490">
      <marc:subfield code="v">[1].</marc:subfield>
   </marc:datafield>
   <marc:datafield ind1=" " ind2=" " tag="300">
      <marc:subfield code="a">[24] Bl., 538 S. : Ill.</marc:subfield>
   </marc:datafield>
</marc:record>
